Score 0/25 Timer 03:00
0 Plays Today
Clue 4-Letter Word % Correct
 Fuzzy fruit, or a New Zealander KIWI
94.6%
Arm, leg, or tree branchLIMB
89.8%
 Citrus fruit, or 'The Third Man' villain LIME
88.9%
Maggie Smith, Julie Andrews, or Helen Mirren, e.g.DAME
82.5%
It has an embossed profile of FDR on itDIME
81.4%
 Pome fruit, or a tree for the first day of Christmas PEAR
81.2%
Saddle or throne, e.g.SEAT
78.8%
Major flopBOMB
77.9%
American vision care company Bausch & ____LOMB
77.8%
 Palm fruit, or a Saturday night outing DATE
77.5%
Uncastrated male pigBOAR
76.4%
Turf used as fuelPEAT
75.7%
'Don't Go Breaking My Heart' singer ____ DeeKIKI
75.6%
Clue 4-Letter Word % Correct
 Drupe fruit, or a 'Clue' character PLUM
73.7%
Soldier Field football playerBEAR
72.6%
Squalid and overcrowded urban areaSLUM
70.4%
With tube, to describe televisionBOOB
69.4%
Window blinds partSLAT
68.3%
Rude, unmannerly personBOOR
65.6%
Scientific measurements, or a Starfleet androidDATA
63.9%
Polynesian totemTIKI
63.9%
Twelve or 13 tricks collected in a Bridge handSLAM
63.5%
Toodle-ooTATA
58.5%
'Mon Oncle' producer, director, and star Jacques ____TATI
39.4%
South American monkeyTITI
39.1%

Today's Daily Dose

Missing Word
'T' Pairs

Word Ladder
Game Pieces

Get the Picture
Baseball Movies

Remove Ads.
Support Sporcle.
Get the best of Sporcle when you Go Orange. This ad-free experience offers more features, more stats, and more fun while also helping to support Sporcle. Thank you for becoming a member.

You're not logged in!

Compare scores with friends on all Sporcle quizzes.
OR
Log In

Show Comments

Extras

Top Quizzes Today


Score Distribution

Your Account Isn't Verified!

In order to create a playlist on Sporcle, you need to verify the email address you used during registration. Go to your Sporcle Settings to finish the process.

Report this User

Report this user for behavior that violates our Community Guidelines.

Details: